| 000 | 00648nam a2200229 a 4500 | ||
|---|---|---|---|
| 005 | 20140310183612.0 | ||
| 008 | 120829s19uu xx 00 eng d | ||
| 020 | _a978001220583 | ||
| 050 |
_aHF 5636 _b.Ai35 2011 |
||
| 100 | _aAinsworth, Penne | ||
| 245 |
_aIntroduction to accounting : _ban integrated approach / _cPenne Ainsworth, Dan Deines. |
||
| 250 | _a6th ed. | ||
| 260 |
_aBoston, MA : _bIrwin, McGraw-Hill, _c2011. |
||
| 300 |
_axxi, 647 p. : _bcol. ill. ; _c28 cm. |
||
| 500 | _aIncludes index | ||
| 521 | _aBSBA | ||
| 650 | _aBSBA | ||
| 650 | _aAccounting | ||
| 700 | _aDeines, Dan | ||
| 942 |
_cBK _2lcc _kFOR |
||
| 999 |
_c25259 _d25259 |
||